| 000 | 00731nam a2200217 a 4500 | ||
|---|---|---|---|
| 005 | 20210219160304.0 | ||
| 008 | 081007s1995 mx r 000 0 spa d | ||
| 020 | _a9264143254 | ||
| 035 | _aUPN01000162501 | ||
| 049 | _aUNE | ||
| 080 | _a338 (519.5) =20 "1995" LEE. | ||
| 100 | 1 | _aLee, Chung H. | |
| 245 | 1 | 4 |
_aThe economic transformation of South Korea lessons for the transition economies / _cby Chung H. Lee. |
| 260 |
_aParís : _bOCDE, _c1995. |
||
| 300 | _a51 p. | ||
| 500 | _aIncluye bibliografía | ||
| 690 | _-Desarrollo económico y social - Corea (Republica) | ||
| 690 | _aCorea (República) - Desarrollo y social | ||
| 710 | 2 |
_aOECD. _bOrganisation for Economic Co-operation and Development |
|
| 905 | _aUNESCO | ||
| 999 |
_c134614 _d134614 |
||